Jak Ten Piłkarz ma na Imię? - Statystyki

Ogólne statystyki
  • Ten quiz został rozwiązany 153 razy
  • Średni wynik to 7 z 15
Statystyki odpowiedzi
Nazwisko Imię % Poprawnych
Havertz Kai
95%
Rüdiger Antonio
86%
Zouma Kurt
77%
Rebić Ante
74%
Lozano Hirving
71%
Onana Andre
66%
Thauvin Florian
50%
Koundé Jules
48%
Pellergrini Lorenzo
46%
Ogbonna Angelo
34%
Elvedi Nico
30%
Söyüncü Caglar
26%
Manolas Konstantinos
21%
Veretout Jordan
18%
Kramer Christhoph
1%
Nie znaleziono quizów pasujących do podanych kryteriów
Rozkład punktacji
Procent ludzi z każdym wynikiem
Percentyl według liczby udzielonych odpowiedzi
Twoja historia wyników
Nie rozwiązałeś tego quizu